| 000 | 01667nam a22003137a 4500 | ||
|---|---|---|---|
| 003 | DO-SdBNP | ||
| 005 | 20240503174938.0 | ||
| 007 | ta | ||
| 008 | 210921e2012 dr ad||fr|||| 001 0 spa d | ||
| 020 | _a9789945447194 | ||
| 040 |
_aDO-SdBNP _bspa _cBNPHU |
||
| 082 | 4 |
_a331.1097293 _bP387p _222 |
|
| 100 | 1 |
_aPellerano Morilla, Fernando _98482 |
|
| 245 | 1 | 0 |
_aPolítica de empleo y modelo de crecimiento : _bartículos sobre economía postkeynesiana / _cFernando Pellerano Morilla. |
| 260 |
_aSanto Domingo : _bEditora Universitaria, _bUniversidad Autónoma de Santo Domingo, _c2012 |
||
| 300 |
_a159 p. : _c21 cm. |
||
| 490 |
_aPublicaciones de la Universidad Autónoma de Santo Domingo; _v1529 _aEconomía y sociedad; _v23 |
||
| 500 | _aIncluye referencias bibliográficas y notas al pie de las páginas | ||
| 504 | _aBibliografía : p. 156- 159 | ||
| 505 |
_aParte I. _t La política de empleo.-- _gParte II : _t Las Finanzas Funcionales y el pleno empleo.-- _gParte III _tSalario y mercado de trabajo.-- _gParte IV. _t El modelo de crecimiento -- _gParte V _tEl empleo y la política de empleo en la estrategia nacional de desarrollo 2010-2030. |
||
| 590 | _aInventariado 2021 / MF | ||
| 650 | 4 |
_aPolítica de pleno empleo _xRepública Dominicana _979979 _vEnsayos, conferencias, etc. |
|
| 650 | 0 |
_a Política social _985378 |
|
| 650 | 4 |
_aCrecimiento económico _vEnsayos, conferencias, etc. _980094 |
|
| 651 | 4 |
_aRepública Dominicana _xCondiciones económicas _vEnsayos, conferencias, etc. _963283 |
|
| 651 | 4 |
_aRepública Dominicana _xPolítica económica _vEnsayos, conferencias, etc. _963279 |
|
| 910 | _aValidado. Control de calidad MFF | ||
| 942 |
_2ddc _cLBS1 |
||
| 999 |
_c50605 _d50605 |
||